Gas well deliquification / (Record no. 23720)

MARC details
000 -LEADER
fixed length control field 00816cam a22002775i 4500
001 - CONTROL NUMBER
control field 18534459
005 - DATE AND TIME OF LATEST TRANSACTION
control field 20161225095945.0
008 - FIXED-LENGTH DATA ELEMENTS--GENERAL INFORMATION
fixed length control field 150320s2015 nyu 000 0 eng
010 ## - LIBRARY OF CONGRESS CONTROL NUMBER
LC control number 2015936535
020 ## - INTERNATIONAL STANDARD BOOK NUMBER
International Standard Book Number 9781681173856
020 ## - INTERNATIONAL STANDARD BOOK NUMBER
International Standard Book Number 1681173859
040 ## - CATALOGING SOURCE
Original cataloging agency EG-ScBUE
Language of cataloging eng
Transcribing agency EG-ScBUE
042 ## - AUTHENTICATION CODE
Authentication code pcc
082 04 - DEWEY DECIMAL CLASSIFICATION NUMBER
Edition number 22
Classification number 622.3385
Item number GAS
245 00 - TITLE STATEMENT
Title Gas well deliquification /
Statement of responsibility, etc Editor, Jostna Chitnis.
260 ## - PUBLICATION, DISTRIBUTION, ETC. (IMPRINT)
Place of publication, distribution, etc Valley Cottage, New York :
Name of publisher, distributor, etc SCITUS Academics LLC,
Date of publication, distribution, etc 2016.
300 ## - PHYSICAL DESCRIPTION
Extent vi, 210 p. :
Other physical details ill. ;
Dimensions 18 cm.
500 ## - GENERAL NOTE
General note Index : p. 209-210.
504 ## - BIBLIOGRAPHY, ETC. NOTE
Bibliography, etc Citations : p. 205-207.
504 ## - BIBLIOGRAPHY, ETC. NOTE
Bibliography, etc Includes bibliographical references.
590 ## - LOCAL NOTE (RLIN)
Local note Wessam
650 #7 - SUBJECT ADDED ENTRY--TOPICAL TERM
Source of heading or term BUEsh
9 (RLIN) 39299
Topical term or geographic name as entry element Gas wells.
651 ## - SUBJECT ADDED ENTRY--GEOGRAPHIC NAME
Source of heading or term BUEsh
653 ## - INDEX TERM--UNCONTROLLED
Resource For college Engineering, Petroleum
Arrived date list December2016
942 ## - ADDED ENTRY ELEMENTS (KOHA)
Source of classification or shelving scheme Dewey Decimal Classification
Edition 22
Call number prefix 622.3385 GAS
Holdings
Withdrawn status Item status Source of classification or shelving scheme Damaged status Not for loan Vendor Home library Current library Shelving location Date acquired Source of acquisition Cost, normal purchase price Serial Enumeration / chronology Total Checkouts Full call number Barcode Date last seen Cost, replacement price Koha item type
    Dewey Decimal Classification     Baccah Central Library Central Library First floor 25/12/2016 Purchase 680.00 3639   622.3385 GAS 000045313 15/07/2025 850.00 Book - Borrowing